000 00625nam a22001577a 4500
003 OSt
005 20151105161554.0
008 151105b xxu||||| |||| 00| 0 eng d
040 _cRUA
082 _aFOR UCH 2000 B126 Or.1
100 _93419
_aUCH, RITHY.
245 _aContribution towards the study of food and fruit-bearing forest speciesin bokor area, វិភាគទានលើការសិក្សាប្រភេទរុក្ខជាតិ-ឈើហូបផ្លែនៅក្នុងតំបន់បូកគោ
260 _aPhnom Penh
_bRUA
_c2000
300 _a59p.
_bill.
_c29cm.
942 _2ddc
_cFOR
999 _c3189
_d3189